Library Banner

An Atlas of recycled landscapes (Record no. 85397)

MARC details
000 -LEADER
fixed length control field 00456nam a2200181Ia 4500
001 - CONTROL NUMBER
control field 72417
008 - FIXED-LENGTH DATA ELEMENTS--GENERAL INFORMATION
fixed length control field 160401s9999 xx 000 0 und d
020 ## - INTERNATIONAL STANDARD BOOK NUMBER
International Standard Book Number 9788857210797
040 ## - CATALOGING SOURCE
Transcribing agency PK-LaUMT
082 ## - DEWEY DECIMAL CLASSIFICATION NUMBER
Classification number 712
Item number POL-A
100 ## - MAIN ENTRY--PERSONAL NAME
Personal name Poli, Michela de
245 #3 - TITLE STATEMENT
Title An Atlas of recycled landscapes
Statement of responsibility, etc Poli, Michela de|Incerti, Guido
260 ## - PUBLICATION, DISTRIBUTION, ETC. (IMPRINT)
Place of publication, distribution, etc London,UK:
Name of publisher, distributor, etc Skira,
Date of publication, distribution, etc 2014
300 ## - PHYSICAL DESCRIPTION
Extent 269 p.
546 ## - LANGUAGE NOTE
Language note EN
700 ## - ADDED ENTRY--PERSONAL NAME
Personal name Incerti, Guido
942 ## - ADDED ENTRY ELEMENTS (KOHA)
Koha item type Books
Holdings
Withdrawn status Lost status Damaged status Not for loan Home library Current library Date acquired Total Checkouts Full call number Barcode Date last seen Date checked out Price effective from Koha item type
        UMT Main Campus UMT Main Campus 2016-04-01 1 712 POL-A 98921 2022-06-28 2022-06-13 2016-04-01 Books